Mr. Blue Sky - Electric Light Orchestra (Lyrics) - Statistics

General Stats
  • This quiz has been taken 141 times
  • The average score is 214 of 270
Answer Stats
Lyrics % Correct
sky
100%
Sky
100%
Sky,
100%
(sky)
100%
Mr.
99%
Blue
98%
Blue,
98%
(blue)
98%
the
98%
a
97%
A
97%
in
93%
is
93%
to
93%
it
92%
Sun
92%
sun
92%
you
92%
You
92%
for
91%
so
91%
(so)
91%
long
90%
(long)
90%
shinin'
89%
us
89%
we
89%
why
89%
hide
88%
please
88%
cloud
87%
had
87%
tell
87%
There
87%
there
87%
there,
87%
away
84%
do
84%
go
83%
Hey
82%
hey
82%
did
81%
It's
81%
sight
81%
where
81%
Where
81%
be
79%
day?
79%
day
79%
ain't
78%
And
78%
rainin',
77%
with
77%
Everybody
76%
On
72%
on
72%
wrong?
71%
today,
70%
today
70%
know
69%
way
68%
beautiful
67%
don't
67%
here
67%
down
66%
face
66%
stopped
66%
what
66%
avenue
64%
pretty
64%
right
64%
Welcome
63%
We're
63%
human
62%
Look
62%
Night
62%
race
62%
See
61%
see
61%
up
60%
around,
59%
around
59%
shines
59%
new
58%
your
58%
at
57%
how
57%
Now
57%
Runnin'
56%
city
54%
pleased
54%
waited
54%
But
53%
Oh,
53%
smiles
53%
streets
53%
this
53%
waitin'
53%
was
53%
we've
53%
comes
52%
shoulder
52%
living
51%
once
51%
over
51%
soon
51%
brightly
50%
his
50%
everybody's
49%
hand
48%
I'll
48%
creepin'
47%
remember
47%
Never
41%
mind,
40%
Sky's
40%
pity
33%
celebration,
30%
play
28%
No matching quizzes found
Score Distribution
Percent of People with Each Score
Percentile by Number Answered
Your Score History
You have not taken this quiz